000
00194nam a22000977a 4500
082
_a
823
_b
BLY/E
100
_a
BLYTON, ENID
245
_a
EIGHT O'CLOCK TALES
650
_a
ENGLISH STORY
942
_c
BK
999
_c
7693
_d
7693